[Event "Porto district-ch"]
[Site "Porto"]
[Date "2006.06.20"]
[Round "3"]
[White "Jayes, Thomas"]
[Black "Mateus, Francisco"]
[Result "1-0"]
[WhiteElo "1931"]
[BlackElo "1777"]
[PlyCount "61"]
[EventDate "2006.06.14"]
[EventType "swiss"]
[EventRounds "7"]
[EventCountry "POR"]
[SourceTitle "EXT 2008"]
[Source "ChessBase"]
[SourceDate "2007.11.25"]
[SourceVersion "1"]
[SourceVersionDate "2007.11.25"]
[SourceQuality "1"]

1. e4 e5 2. Nf3 Nc6 3. Bb5 Bc5 4. c3 Qf6 5. 0-0 Nge7 6. d4 exd4 7. Bg5 Qg6 8. Bxe7 Bxe7 9. cxd4 0-0 10. d5 Nb8 11. Nc3 d6 12. Ne1 f5 13. Qc2 f4 14. f3 Bh4 15. Ne2 Bh3 16. Nd4 Qg5 17. Kh1 Qe5 18. Rd1 c6 19. gxh3 cxb5 20. Ne6 Re8 21. Nd3 Qf6 22. Ndxf4 Na6 23. Nh5 Qf7 24. Nhxg7 Rac8 25. Qg2 Kh8 26. Nxe8 Rxe8 27. b4 Nb8 28. Qe2 Qf6 29. a3 Qc3 30. Rd3 Qc4 31. Qb2+ 1-0